<?xml version="1.0" encoding="UTF-8"?>
<marc:record xmlns:marc="http://www.loc.gov/MARC21/slim">
   <marc:leader>00000nam a2200000 a 4500</marc:leader>
   <marc:datafield ind1="1" ind2=" " tag="100">
      <marc:subfield code="a">Pancol, Katherine</marc:subfield>
      <marc:subfield code="4">aut</marc:subfield>
      <marc:subfield code="e">Verfasser/-in</marc:subfield>
   </marc:datafield>
   <marc:datafield ind1="0" ind2="0" tag="245">
      <marc:subfield code="a">Der langsame Walzer der Schildkröten</marc:subfield>
   </marc:datafield>
   <marc:datafield ind1="0" ind2="0" tag="245">
      <marc:subfield code="b">Roman</marc:subfield>
   </marc:datafield>
   <marc:datafield ind1="0" ind2="0" tag="245">
      <marc:subfield code="c">Katherine Pancol. Aus dem Franz. von Nathalie Lemmens</marc:subfield>
   </marc:datafield>
   <marc:datafield ind1=" " ind2="1" tag="264">
      <marc:subfield code="a">München</marc:subfield>
      <marc:subfield code="b">Bertelsmann</marc:subfield>
      <marc:subfield code="c">2013</marc:subfield>
   </marc:datafield>
   <marc:datafield ind1=" " ind2=" " tag="250">
      <marc:subfield code="a">1. Aufl.</marc:subfield>
   </marc:datafield>
   <marc:datafield ind1="1" ind2=" " tag="520">
      <marc:subfield code="a">Angaben aus der Verlagsmeldung

Der langsame Walzer der Schildkröten : Roman La Valse Lente Des Tortues / von Katherine Pancol

Die Geschichte geht weiter ...

Katherine Pancol und die Geschichten von Joséphine und ihrer Familie sind ein Phänomen – inzwischen in 26 Sprachen. Die erfolgreichste Trilogie, die je in Frankreich erschienen ist und die mit den »Gelben Augen der Krokodile« begann, geht nun endlich weiter: Joséphine, unsere bescheidene Heldin, tritt aus dem Schatten der schönen Schwester Iris und kann auch in ein nobles Viertel von Paris ziehen. Die Tochter Hortense geht an eine Modeschule in London, und die jüngere Tochter Zoé ist zum ersten Mal so richtig verliebt. Könnte da nicht auch der attraktive Monsieur Lefloc-Pignel der ideale Liebhaber für Joséphine sein? Oder findet er ihre Schwester Iris interessanter?

»Der langsame Walzer der Schildkröten« ist turbulent und lebensklug, handelt von Familie und Lügen, Liebe und Verrat – kurz, vom Leben selbst, mit all seinen Freuden, Ängsten, Lastern und Träumen.

</marc:subfield>
   </marc:datafield>
   <marc:datafield ind1=" " ind2=" " tag="020">
      <marc:subfield code="a">9783570101179</marc:subfield>
      <marc:subfield code="9">9783570101179</marc:subfield>
   </marc:datafield>
   <marc:datafield ind1=" " ind2=" " tag="020">
      <marc:subfield code="a">3570101177</marc:subfield>
      <marc:subfield code="9">3570101177</marc:subfield>
   </marc:datafield>
   <marc:datafield ind1=" " ind2=" " tag="300">
      <marc:subfield code="a">671 S.</marc:subfield>
   </marc:datafield>
</marc:record>
